000 00397nam a2200145Ia 4500
003 0
005 20260121163217.0
008 180323s9999 xx 000 0 und d
020 _a13623613
100 _aHowlin, Patricia
245 _cJordan, Rita
_aAutism :
_bThe international journal of research and practice
260 _aUSA :
_bSage Publication
_c1997
300 _a97 pages
942 _2lcc
_cBK
999 _c356363
_d356363